000 00607nam a2200217Ia 4500
003 GCL
008 140319s9999 xx 000 0 ara d
040 _aGCL /
_cGCL
082 0 4 _a821.009
_bهـ ق
100 1 _aلويس عوض
245 1 0 _aفن الشعر /
_cلويس عوض
700 1 _aهوراس
300 _a143
490 _a
650 0 4 _aالادب الانجليزى
650 0 4 _aالشعر الانجليزى المترجم
650 0 4 _aالشعر الانجليزى
650 0 4 _aتاريخ ونقد
650 0 4 _aالادب الانجليزى المترجم
942 _2ddc
_cBK
999 _c41349
_d41349